UITU Library & LRC     

Electronic Communications Systems: fundamentals through advanced (Record no. 26748)

MARC details
000 -LEADER
fixed length control field 00490nam a2200169Ia 4500
008 - FIXED-LENGTH DATA ELEMENTS--GENERAL INFORMATION
fixed length control field 241115s9999 xx 000 0 und d
020 ## - INTERNATIONAL STANDARD BOOK NUMBER
International Standard Book Number 978-81-317-1953-4
082 ## - DEWEY DECIMAL CLASSIFICATION NUMBER
Classification number 621.382 TOM
100 ## - MAIN ENTRY--PERSONAL NAME
Personal name Tomasi, Wayne
245 #0 - TITLE STATEMENT
Title Electronic Communications Systems: fundamentals through advanced
250 ## - EDITION STATEMENT
Edition statement 5th ed.
260 ## - PUBLICATION, DISTRIBUTION, ETC.
Place of publication, distribution, etc. New Delhi:
Name of publisher, distributor, etc. Pearson Education,
Date of publication, distribution, etc. 2009
300 ## - PHYSICAL DESCRIPTION
Extent xvi,1115p.
600 ## - SUBJECT ADDED ENTRY--PERSONAL NAME
Personal name Electrical Engineering
650 ## - SUBJECT ADDED ENTRY--TOPICAL TERM
Topical term or geographic name entry element Telecommunication Engineering
942 ## - ADDED ENTRY ELEMENTS (KOHA)
Koha item type Book Bank Data
Holdings
Withdrawn status Lost status Damaged status Not for loan Collection Home library Current library Date acquired Source of acquisition Cost, normal purchase price Total checkouts Barcode Date last seen Price effective from Koha item type
        BB-Electrical Engineering UITU Library UITU Library 04/07/2012 P.P.E 317.50   BB2255 11/15/2024   Book Bank Data

Powered by Koha